Statistics for NBA Cities Map Quiz

Click here to take the quiz!

General Stats

  • This quiz has been taken 129,189 times
    (122,829 since last reset)
  • The average score is 16 of 28

Answers on the Map

Answers color-coded by a green-red scale on the quiz's map according to % correct below.
Loading ...
 

Answer Stats

Answer% Correct
Lakers/Clippers
68%
Suns
68%
Heat
67%
Trail Blazers
67%
Thunder
66%
Rockets
64%
Jazz
64%
Kings
62%
Pelicans
61%
Warriors
61%
Knicks/Nets
60%
Raptors
60%
Nuggets
58%
Magic
58%
Cavaliers
57%
Celtics
56%
Hawks
55%
Bulls
55%
Pistons
53%
Timberwolves
53%
Grizzlies
53%
Spurs
53%
Pacers
51%
76ers
50%
Wizards
50%
Hornets
50%
Mavericks
49%
Bucks
47%

Score Distribution

Percentile by Number Answered

Percent of People with Each Score

Your Score History

You have not taken this quiz since the last reset